Managing time your way [

Bibliographic Details
Corporate Author: American Managemant Association
Format: Book
Published: Ney York : Publication Services , n.d
Subjects:

MARC

LEADER 00000cam a2200000 7i4500
001 0000024095
005 20120105.0
040 |a INS 
090 0 0 |a VCD 160 
110 1 |a American Managemant Association 
245 0 0 |a Managing time your way [  |h video disc] 
260 |a Ney York :   |b Publication Services ,   |c n.d 
300 |a 1 videodisc (25 min.) :   |b sd., col. ;   |c 4 3/4 in. 
500 |a Also available in vhs format : VHS 1080 
650 0 0 |a Time Management 
999 |a VCD0000160   |b VIDEO CD   |c Media Collection   |e Default branch